[Event "Montreal Pere Noel U1500"]
[Site "Montreal"]
[Date "2016.12.29"]
[Round "4.41"]
[White "Sison, Hubert"]
[Black "Grandmaison, Real"]
[Result "0-1"]
[WhiteElo "1331"]
[BlackElo "1238"]
[PlyCount "130"]
[EventDate "2016.12.26"]
[EventType "swiss"]
[EventRounds "5"]
[EventCountry "CAN"]
[SourceTitle "EXT 2022"]
[Source "ChessBase"]
[SourceDate "2021.10.06"]
[SourceVersion "1"]
[SourceVersionDate "2021.10.06"]
[SourceQuality "1"]

1. e4 e6 2. d4 c5 3. Nf3 cxd4 4. Nxd4 Nc6 5. Be3 a6 6. Bd3 Be7 7. a3 Nf6 8. c3 0-0 9. h3 e5 10. Nf5 Re8 11. Nd2 Bf8 12. g4 d5 13. Bg5 dxe4 14. Nxe4 Bxf5 15. gxf5 Be7 16. Bxf6 Bxf6 17. Qf3 Bg5 18. h4 Bf4 19. Rd1 Qe7 20. Qg4 Kh8 21. Rg1 Rg8 22. Qh5 g6 23. fxg6 Rxg6 24. Ng5 Bxg5 25. Bxg6 fxg6 26. Qxg5 Qf7 27. Rd6 Rf8 28. Qd2 Qf5 29. Rdxg6 hxg6 30. Qh6+ Kg8 31. Rxg6+ Kf7 32. Rg7+ Ke8 33. Qd2 Na5 34. Qe3 Qb1+ 35. Ke2 Qxb2+ 36. Kf1 Nc4 37. Qg3 Qb1+ 38. Kg2 Qe4+ 39. Kg1 Nd2 40. Qg6+ Qxg6+ 41. Rxg6 Nf3+ 42. Kf1 Nxh4 43. Re6+ Kd7 44. Rxe5 Nf3 45. Re3 Nd2+ 46. Ke2 Nc4 47. Rd3+ Kc6 48. a4 Re8+ 49. Kf1 Kc5 50. Kg2 Re6 51. Rd4 Re2 52. Kg3 Ra2 53. f4 Rxa4 54. f5 Ra3 55. Rd3 Ne5 56. Re3 Kd6 57. Kf4 Ra4+ 58. Kg5 Rc4 59. f6 Rc7 60. Kf5 Rc5 61. Rg3 b5 62. Kg5 Ke6 63. Re3 Kf7 64. Rh3 Nd7+ 65. Kf4 Nxf6 0-1

[Event "Montreal Pere Noel U1500"]
[Site "Montreal"]
[Date "2016.12.26"]
[Round "1.47"]
[White "Latorre, Vincent"]
[Black "Sison, Hubert"]
[Result "0-1"]
[WhiteElo "1110"]
[BlackElo "1331"]
[PlyCount "76"]
[EventDate "2016.12.26"]
[EventType "swiss"]
[EventRounds "5"]
[EventCountry "CAN"]
[SourceTitle "EXT 2022"]
[Source "ChessBase"]
[SourceDate "2021.10.06"]
[SourceVersion "1"]
[SourceVersionDate "2021.10.06"]
[SourceQuality "1"]

1. e4 c5 2. Nf3 Nc6 3. Bb5 a6 4. Bxc6 bxc6 5. d3 e6 6. Nc3 d6 7. Be3 Nf6 8. d4 cxd4 9. Nxd4 Bb7 10. Nde2 Be7 11. Ng3 0-0 12. f4 Qc7 13. e5 dxe5 14. fxe5 Qxe5 15. Qe2 Bb4 16. Bd2 Bxc3 17. Bxc3 Qxe2+ 18. Nxe2 Nd5 19. Bd4 Rfd8 20. c3 Rac8 21. 0-0 c5 22. Bf2 h6 23. Rad1 Rd7 24. c4 Nf6 25. Nc3 Kf8 26. Na4 Rxd1 27. Rxd1 Ne4 28. Nb6 Rc7 29. Bh4 g5 30. Bf2 Kg7 31. g4 Bc6 32. h3 Rb7 33. Nc8 Nxf2 34. Kxf2 Rxb2+ 35. Ke1 Rxa2 36. Ne7 Ba4 37. Rc1 Bb3 38. Nc6 a5 0-1